| 000 | 00000nam 2200000zi 4500 |
| 001 | 9.921923 |
| 003 | CaOODSP |
| 005 | 20230426084843 |
| 006 | m o d f |
| 007 | cr bn||||||||| |
| 008 | 230425t19791979oncab ob f000 0 eng d |
| 020 | |a0662105249 |q(print) |
| 040 | |aCaOODSP|beng|erda|cCaOODSP |
| 041 | 0 |aeng|beng|bfre |
| 043 | |an-cn--- |
| 086 | 1 |aEn42-1/3-78-1E-PDF |
| 086 | 1 |aEn42-3/78-1 |
| 100 | 1 |aMah, K. H., |eauthor. |
| 245 | 10|aAir pollution emissions and control technology : |bferrous foundry industry / |cby Kin H. Mah. |
| 264 | 1|a[Ottawa] : |bMining, Mineral and Metallurgical Division, Abatement and Compliance Branch, Air Pollution Control Directorate, |c1979. |
| 264 | 4|c©1979 |
| 300 | |a1 online resource (vii, 61 pages) : |billustrations, map. |
| 336 | |atext|btxt|2rdacontent |
| 337 | |acomputer|bc|2rdamedia |
| 338 | |aonline resource|bcr|2rdacarrier |
| 490 | 1 |aEnvironmental Protection Service report series |
| 500 | |a"EPS 3-AP-78-1." |
| 500 | |a"June 1979." |
| 500 | |aOn cover: Economic and technical review, report EPS 3-AP-78-1. |
| 500 | |aDigitized edition from print [produced by Environment and Climate Change Canada]. |
| 504 | |aIncludes bibliographical references (pages 53-55). |
| 546 | |aIncludes abstracts in English and French. |
| 650 | 0|aFoundries|xWaste disposal|xEnvironmental aspects|zCanada. |
| 650 | 0|aAir|xPollution|zCanada. |
| 650 | 0|aPollution control equipment|zCanada. |
| 650 | 6|aFonderies|xDéchets|xÉlimination|xAspect de l'environnement|zCanada. |
| 650 | 6|aAir|xPollution|zCanada. |
| 650 | 6|aTechnique de l'environnement|xAppareils et matériel|zCanada. |
| 710 | 1 |aCanada. |bEnvironmental Protection Service, |eissuing body. |
| 710 | 1 |aCanada. |bAir Pollution Control Directorate, |eissuing body. |
| 830 | #0|aEnvironmental Protection Service report series ;|v9.866031|w(CaOODSP)9.866031 |
| 856 | 40|qPDF|s1.86 MB|uhttps://publications.gc.ca/collections/collection_2023/eccc/en42/En42-1-3-78-1-eng.pdf |